Giáo trình thương mại điện tử (dùng trong các trường THCN)

Nội dung tài liệu trình bày theo quan điểm sử dụng phần mềm, chú trong vào kỹ năng sử dụng phần mềm. Cuối mỗi chương đều có các câu hỏi và hướng dẫn học sinh thực hành.

Enregistré dans:
Détails bibliographiques
Auteur principal: Nguyễn, Cửu Long
Format: Livre
Langue:Undetermined
Publié: Hà Nội Nhà xuất bản Hà Nội 2006
Sujets:
Tags: Ajouter un tag
Pas de tags, Soyez le premier à ajouter un tag!
Thư viện lưu trữ: Trung tâm Học liệu Trường Đại học Cần Thơ
LEADER 00936nam a2200217Ia 4500
001 CTU_142665
008 210402s9999 xx 000 0 und d
020 |c 32500 
082 |a 004.69 
082 |b L431 
100 |a Nguyễn, Cửu Long 
245 0 |a Giáo trình thương mại điện tử 
245 0 |b (dùng trong các trường THCN) 
245 0 |c Nguyễn Cửu Long 
260 |a Hà Nội 
260 |b Nhà xuất bản Hà Nội 
260 |c 2006 
520 |a Nội dung tài liệu trình bày theo quan điểm sử dụng phần mềm, chú trong vào kỹ năng sử dụng phần mềm. Cuối mỗi chương đều có các câu hỏi và hướng dẫn học sinh thực hành. 
650 |a Electronic commerce,Thương mại điện tử 
904 |i Duy Bằng 
980 |a Trung tâm Học liệu Trường Đại học Cần Thơ